000 00840nam a22002177a 4500
999 _c463
_d463
008 151209b xxu||||| |||| 00| 0 eng d
020 _a9781284034080
082 _2c2015
_aDC 613.71
_bF855
100 _91153
_aFreeman, William H., author
245 _aPhysical education, exercise and sport science in a changing society/
_cWilliam H. Freeman.
250 _aEighth edition.
260 _aBurlington, MA:
_bJones & Bartlett Learning,
_cc2015.
300 _axv, 434 pages:
_billustrations;
_c223 cm.
500 _aIncludes references and index.
650 0 _91187
_aPhysical education and training.
650 0 _91188
_aPhysical education and training
_xProfessional ethics.
650 0 _91189
_aSports sciences
_xstudy and teaching.
650 0 _91190
_aPhysical education and training
_xhistory
365 _b9,317.00
_cPhp
942 _2ddc
_cDC